| 000 | 00492nam a22001097a 4500 | ||
|---|---|---|---|
| 008 | 150617b xxu||||| |||| 00| 0 eng d | ||
| 010 | _8HCCRSF: 004 | ||
| 245 | _aHIGH COURT CRIMINAL SESSION No.158 of 1969 Uganda Vs 1.Yolan Ouna 2. Humpraye Egesa | ||
| 260 | _aHigh Court Kampala | ||
| 500 | _3(Original Criminal case No. MS. 186 of !968 in the Chief Magistrate's Court Of Soroti at Soroti Before - His Worship AG Deebbekto, Esq., Ag.C.M.) | ||
| 500 | _3 Before: The Hon. Mr.Justice J.E. Mead | ||
| 999 |
_c6301 _d6301 |
||